Inovatívny model manažérskeho vyhodnocovania podnikových materiálových tokov dizertačná práca

Na minha lista:
Detalhes bibliográficos
Autor principal: Barilová, Barbara, 1997-
Autor Corporativo: Obchodná fakulta EU. Katedra marketingu
Outros Autores: Daneshjo, Naqibullah, 1964-
Formato: Livro
Idioma:eslovaco
Publicado em: Bratislava 2024
Assuntos:
Tags: Adicionar Tag
Sem tags, seja o primeiro a adicionar uma tag!

MARC

LEADER 00000nbm a2200000 4500
001 0303033
005 20240718102345.6
041 0 |a slo 
044 |a SK 
245 1 0 |a Inovatívny model manažérskeho vyhodnocovania podnikových materiálových tokov  |b dizertačná práca  |c Barbara Barilová ; školiteľ: Naqibullah Daneshjo 
264 1 |a Bratislava  |c 2024 
300 |a 180 s. 
610 2 0 |a tok materiálu 
610 2 0 |a rozhodovanie manažérske 
610 2 0 |a optimalizácia 
610 2 0 |a riadenie zásob 
100 1 |a Barilová, Barbara, 1997- 
700 1 |a Daneshjo, Naqibullah, 1964- 
710 2 |a Obchodná fakulta EU. Katedra marketingu